| 000 | 01986nam a2200289Ia 4500 | ||
|---|---|---|---|
| 999 |
_c53550 _d53550 |
||
| 001 | 20596 | ||
| 003 | GE_BSU | ||
| 005 | 20210225003311.0 | ||
| 008 | 181216s2017||||ge |||||||||||||| ||geo|| | ||
| 040 | _cGE_BSU | ||
| 041 | _ageo | ||
| 080 | _a811.353.2'36 ჩ-21 | ||
| 100 |
_aჩანტლაძე, იზა _910230 |
||
| 245 |
_aსვანური ენის შესწავლის ისტორია (სახელთა პარადიგმატიკა) = History of Svan Language Studying / _cიზა ჩანტლაძე. |
||
| 264 |
_aთბილისი : _bენათმეცნიერების ინ-ტი, _c2017. |
||
| 300 |
_a226 გვ. ; _c25 სმ. |
||
| 500 | _aპირთა საძიებელი : გვ.220-224 | ||
| 504 | _aბიბლიოგრ. : გვ. 199-220 | ||
| 520 | _aნაშრომს დამხმარე სახელმძღვანელოს სახით გამოიყენებენ სახელმწიფო უნვერსიტეტის ჰუმანიტარულ მეცნიერებათა ფაკულტეტის ბაკალავრიატისა და მაგისტრატურის სტუდენტები | ||
| 653 | _aსვანური ენა | ||
| 653 | _aსვანური ენის შესწავლის ისტორია | ||
| 653 | _aსახელთა პარადიგმატიკა | ||
| 710 |
_aივანე ჯავახიშვილის სახელობის თბილისის სახელმწიფო უნივერსიტეტიტი _910231 |
||
| 710 |
_aარნოლდ ჩიქობავას ენათმეცნიერების ინსტიტუტი _97875 |
||
| 710 |
_aკავკასიოლოგიის ინსტიტუტი _98271 |
||
| 942 |
_cBK _2udc |
||